00679nam a2200241 a 4500001001300000003000900013005001700022008004100039020001000080082001800090100001900108245002600127260003600153300000900189500003500198505001000233650001200243700001900255902000800274942000700282952013100289999001700420nice12345678IN_TiNIC20260116013839.0050524s1998 lona grp 000 0 eng  ac20000a294.5513bANA aAnand, Subhash aSiva`s Thousand Names aLondonbWatts and Companyc1998 a149p aincludes index and biblioraphy2 aIndex aSaivism1 aAnand, Subhash bSRS cBK 001040708StackRoom-aHMIbHMId2007-07-24g200.00l1o294.5513 ANAp018303r2022-04-25s2022-03-14v200.00w2005-05-24yBK c12799d12799